| 000 | 00892nam a22002897a 4500 | ||
|---|---|---|---|
| 003 | CHAP | ||
| 005 | 20220329135353.0 | ||
| 008 | 971013s r 00010 d | ||
| 010 | _a35214 | ||
| 011 | _a36186 | ||
| 035 | _a40305 | ||
| 040 | _cCHAP | ||
| 090 | _aR-3026 | ||
| 100 | 0 | 0 |
_aOram, Peter. _983392 |
| 245 | _aSensitivity of agricultural production to climatic change | ||
| 500 | _aSobretiro de : Climatic Change 7 : 129-152, 1985 | ||
| 590 |
_aBATCH-UPD _b10 _c20130110 _lUCH01 _h1732 |
||
| 590 |
_aBATCH-UPD _b10 _c20130410 _lUCH01 _h1113 |
||
| 590 |
_aBATCH-UPD _b10 _c20130914 _lUCH01 _h1126 |
||
| 590 |
_aCONVERSION _b10 _c20130109 _lUCH01 _h1320 |
||
| 650 | 1 | 4 |
_aCultivos y clima. _930392 |
| 650 | 1 | 4 |
_aMeteorologĂa agrĂcola. _975217 |
| 901 | _aBK | ||
| 942 | _cFOLL | ||
| 949 |
_aR-3026 _bBC _cR _d-92154 _eTS1 _i40305 _si |
||
| 949 |
_aR-3026 _bBC _cR _d-92155 _eTS2 _fc.2 _i40305 _si |
||
| 999 |
_c35214 _d35214 |
||